Welcome to CU Library Online Public Access Catalogue (OPAC)

Principles of neural development / (Record no. 2541)

MARC details
000 -LEADER
fixed length control field 00631cam a2200205 a 4500
001 - CONTROL NUMBER
control field 3313866
005 - DATE AND TIME OF LATEST TRANSACTION
control field 20250115091852.0
008 - FIXED-LENGTH DATA ELEMENTS--GENERAL INFORMATION
fixed length control field 840517s1985 maua b 001 0 eng
020 ## - INTERNATIONAL STANDARD BOOK NUMBER
International Standard Book Number 9780878937448
Terms of availability $30.00 (est.)
050 00 - LIBRARY OF CONGRESS CALL NUMBER
Classification number QP363.5
Item number .P87 1985
082 00 - DEWEY DECIMAL CLASSIFICATION NUMBER
Classification number 591.3/33
Edition information 19
100 1# - MAIN ENTRY--PERSONAL NAME
Personal name Purves, Dale.
245 10 - TITLE STATEMENT
Title Principles of neural development /
Statement of responsibility, etc. Dale Purves and Jeff W. Lichtman.
260 ## - PUBLICATION, DISTRIBUTION, ETC.
Place of publication, distribution, etc. Sunderland, Mass. :
Name of publisher, distributor, etc. Sinauer Associates,
Date of publication, distribution, etc. c1985.
300 ## - PHYSICAL DESCRIPTION
Extent 433 p. :
Other physical details ill. ;
Dimensions 27 cm.
500 ## - GENERAL NOTE
General note Includes index.
650 #0 - SUBJECT ADDED ENTRY--TOPICAL TERM
Topical term or geographic name entry element Developmental neurobiology.
700 1# - ADDED ENTRY--PERSONAL NAME
Personal name Lichtman, Jeff W.,
Dates associated with a name 1951-
942 ## - ADDED ENTRY ELEMENTS (KOHA)
Source of classification or shelving scheme Library of Congress Classification
Koha item type Books
Suppress in OPAC No
999 ## -
-- 2541
-- 2541
Holdings
Withdrawn status Lost status Source of classification or shelving scheme Damaged status Not for loan Collection Home library Current library Shelving location Date acquired Total checkouts Full call number Barcode Date last seen Copy number Price effective from Koha item type
    Library of Congress Classification     Non-fiction Science Library (Miotso) Science Library (Miotso) General stacks 01/15/2025   QP363.5 .P87 PUR SLM00001791 01/15/2025 1 01/15/2025 Books
    Library of Congress Classification     Non-fiction Science Library (Miotso) Science Library (Miotso) General stacks 01/15/2025   QP363.5 .P87 PUR SLM00001792 01/15/2025 2 01/15/2025 Books
    Library of Congress Classification     Non-fiction Science Library (Miotso) Science Library (Miotso) General stacks 01/15/2025   QP363.5 .P87 PUR SLM00001793 01/15/2025 3 01/15/2025 Books
© 2023-2024 Copyright: Central University Libraries. All Rights Reserved | Created by: Mahone Tech Office